000 00318nam a2200133Ia 4500
008 240624s9999 xx 000 0 und d
041 _aeng
082 _a153.3 DEB
100 _aDE BONO EDWARD
245 _aLATERAL THINKING
260 _c1990
_aLondon
_bPenguin Books
300 _a260 , p. , 20 : cm.
365 _cRS
999 _c31383
_d31383